LIBRARY ONLINE CATALOGUE

African-American spirituals (Record no. 16331)

MARC details
000 -LEADER
fixed length control field 00559nam a22001817a 4500
008 - FIXED-LENGTH DATA ELEMENTS--GENERAL INFORMATION
fixed length control field 170307b xxu||||| |||| 00| 0 eng d
020 ## - INTERNATIONAL STANDARD BOOK NUMBER
International Standard Book Number 0634017216
040 ## - CATALOGING SOURCE
Original cataloging agency KABU
Transcribing agency KABU
050 ## - LIBRARY OF CONGRESS CALL NUMBER
Classification number M38.5
Item number .A37 2000 C.1
245 ## - TITLE STATEMENT
Title African-American spirituals
260 ## - PUBLICATION, DISTRIBUTION, ETC. (IMPRINT)
Name of publisher, distributor, etc. Hal. leonard corporation
Date of publication, distribution, etc. 2000
300 ## - PHYSICAL DESCRIPTION
Extent 56 p.
440 ## - SERIES STATEMENT/ADDED ENTRY--TITLE
Title The Phillip Keverven series
650 ## - SUBJECT ADDED ENTRY--TOPICAL TERM
Topical term or geographic name as entry element Piano music, arranged
650 ## - SUBJECT ADDED ENTRY--TOPICAL TERM
Topical term or geographic name as entry element Spirituals (songs)
Form subdivision Instrumental settings
700 ## - ADDED ENTRY--PERSONAL NAME
Personal name Keverven, Phillip
942 ## - ADDED ENTRY ELEMENTS (KOHA)
Source of classification or shelving scheme Library of Congress Classification
Koha item type General Collection
Classification part M38.5 .A37 200 C.1
Holdings
Withdrawn status Lost status Source of classification or shelving scheme Not for loan Home library Current library Shelving location Date acquired Cost, normal purchase price Total Checkouts Full call number Barcode Date last seen Copy number Price effective from Koha item type
    Library of Congress Classification   Kabarak, Main Campus Kabarak, Main Campus General Stacks 07/03/2017 1434.05   M38.5 .A37 2000 C.1 026437 07/03/2017 C.1 07/03/2017 General Collection